Rozvoj cestovného ruchu na miestnej a regionálnej úrovni v Slovenskej republike

Problémy rozvoja cestovného ruchu na miestnej a regionálnej úrovni z hľadiska účastníkov a podnikateľských subjektov cestovného ruchu. Základné stratégie rozvoja cestovného ruchu - spolupráca a integrácia.

Uložené v:
Podrobná bibliografia
Hlavný autor: Patúš, Peter
Médium: Kapitola
Jazyk:Slovak
Predmet:
Tagy: Pridať tag
Žiadne tagy, Buďte prvý, kto otaguje tento záznam!

MARC

LEADER 00000naa a2200000 4500
001 r038217
005 20230724105512.8
041 0 |a slo 
044 |a SK 
245 1 0 |a Rozvoj cestovného ruchu na miestnej a regionálnej úrovni v Slovenskej republike  |c Peter Patúš 
520 |a Problémy rozvoja cestovného ruchu na miestnej a regionálnej úrovni z hľadiska účastníkov a podnikateľských subjektov cestovného ruchu. Základné stratégie rozvoja cestovného ruchu - spolupráca a integrácia. 
610 2 0 |a ruch cestovný 
610 2 0 |a štát 
610 2 0 |a regióny 
610 2 0 |a Slovensko 
610 2 0 |a podnik 
100 1 |a Patúš, Peter